[Event "AUT-ch U10"]
[Site "Linz"]
[Date "2013.05.31"]
[Round "3"]
[White "Iro, Stefan"]
[Black "Loreth, Thomas"]
[Result "1-0"]
[WhiteElo "1122"]
[BlackElo "1242"]
[PlyCount "97"]
[EventDate "2013.05.31"]
[EventType "swiss"]
[EventRounds "7"]
[EventCountry "AUT"]
[SourceTitle "EXT 2015"]
[Source "ChessBase"]
[SourceDate "2014.11.20"]
[SourceVersion "1"]
[SourceVersionDate "2014.11.20"]
[SourceQuality "1"]

1. e4 c6 2. d4 d5 3. Nc3 dxe4 4. Nxe4 Nf6 5. Nc3 Bf5 6. Nf3 e6 7. Bd3 Bxd3 8. Qxd3 Bd6 9. 0-0 0-0 10. Bg5 Nbd7 11. Ne4 Qe7 12. Bxf6 Nxf6 13. Ne5 Rad8 14. Nxd6 Qxd6 15. Nf3 c5 16. c3 cxd4 17. Qxd4 Qxd4 18. Nxd4 Rfe8 19. Nb5 Rd5 20. Nc7 b5 21. Nxe8 Nxe8 22. Rad1 Re5 23. Rde1 Rd5 24. Rd1 Re5 25. Rd8 Kf8 26. h3 Re2 27. Rb1 a5 28. Ra8 b4 29. Rxa5 bxc3 30. bxc3 Nf6 31. Ra7 g6 32. Rb8+ Kg7 33. Rbb7 Re1+ 34. Kh2 Ne8 35. Rxf7+ Kg8 36. Rxh7 Re2 37. Rhe7 Kf8 38. Rf7+ Kg8 39. c4 Rc2 40. Rf4 Nd6 41. Rf6 Rxc4 42. Rxg6+ Kf8 43. Rxe6 Ne4 44. Rh6 Kg8 45. Rb6 Rc8 46. Rg6+ Kf8 47. f3 Nc5 48. Rb6 Nd7 49. Rxd7 1-0

[Event "AUT-ch U08"]
[Site "Schladming"]
[Date "2012.06.09"]
[Round "4.6"]
[White "Iro, Stefan"]
[Black "Rupprecht, Thomas"]
[Result "1-0"]
[WhiteElo "973"]
[BlackElo "1040"]
[PlyCount "57"]
[EventDate "2012.06.08"]
[EventType "swiss"]
[EventRounds "7"]
[EventCountry "AUT"]
[SourceTitle "EXT 2024"]
[Source "ChessBase"]
[SourceDate "2023.10.10"]
[SourceVersion "1"]
[SourceVersionDate "2023.10.10"]
[SourceQuality "1"]

1. e4 e5 2. Nf3 Nc6 3. Bc4 Nf6 4. Ng5 d5 5. exd5 Nd4 6. c3 Bg4 7. f3 Bf5 8. cxd4 exd4 9. d6 Qxd6 10. Nxf7 Qe6+ 11. Bxe6 Bd3 12. Nxh8 Rd8 13. Nf7 Rd6 14. Nxd6+ cxd6 15. Qb3 Ba6 16. Bf7+ Ke7 17. Kd1 d5 18. d3 Kxf7 19. Re1 b5 20. g4 g5 21. h4 gxh4 22. g5 Nh5 23. Qxd5+ Kg7 24. Re4 h3 25. Qd7+ Kg8 26. Bf4 b4 27. Bd6 Bxd3 28. Re8 h2 29. Rxf8# 1-0

[Event "AUT-ch U08"]
[Site "Schladming"]
[Date "2012.06.08"]
[Round "1.3"]
[White "Lerch, Johannes"]
[Black "Iro, Stefan"]
[Result "0-1"]
[WhiteElo "1192"]
[BlackElo "973"]
[PlyCount "102"]
[EventDate "2012.06.08"]
[EventType "swiss"]
[EventRounds "7"]
[EventCountry "AUT"]
[SourceTitle "EXT 2024"]
[Source "ChessBase"]
[SourceDate "2023.10.10"]
[SourceVersion "1"]
[SourceVersionDate "2023.10.10"]
[SourceQuality "1"]

1. e4 e5 2. Nf3 Nc6 3. Bc4 Nf6 4. Nc3 Bc5 5. d3 d6 6. Bg5 0-0 7. h3 a6 8. 0-0 Nd4 9. Nxd4 Bxd4 10. Rb1 c6 11. Qe2 Qb6 12. Bxf6 gxf6 13. Qf3 Qd8 14. Qg3+ Kh8 15. Ne2 Rg8 16. Qf3 Qf8 17. Ng3 Qg7 18. Nh5 Qg6 19. Qxf6+ Qxf6 20. Nxf6 Rg6 21. Ng4 h5 22. Ne3 Kg7 23. Nf5+ Bxf5 24. exf5 Rg5 25. c3 Ba7 26. Rbe1 Rxf5 27. Re4 f6 28. g4 hxg4 29. Rxg4+ Rg5 30. Rxg5+ fxg5 31. Kg2 b5 32. Be6 Kf6 33. Bg4 d5 34. Rh1 c5 35. h4 gxh4 36. Rxh4 Kg5 37. Kg3 Bb8 38. Rh1 e4+ 39. Kh3 exd3 40. Rd1 c4 41. b3 Be5 42. bxc4 bxc4 43. Rc1 d2 44. Rc2 Bf4 45. Bd1 Rh8+ 46. Kg2 Rh2+ 47. Kf1 Rh1+ 48. Ke2 Kg4 49. f3+ Kg3 50. Rxd2 Bxd2 51. Kxd2 Rh2+ 0-1